00718nam a2200241 a 4500001001300000003000900013005001700022008004100039020001000080082001600090100002200106245006100128260004300189300000900232500003500241505001000276650002100286700002200307902000800329942000700337952011700344999001500461nice12345678IN_TiNIC20260116012328.0050524s1976 nora grp 000 0 eng  ac17000a297.4bBUR2 aBurckhardt, Titus aIntroduction to Sufismb the Mystical Dimension of Islam aNorthamtonshirebAcquarian Pressc1976 a126p aincludes index and biblioraphy2 aIndex aSufism-Doctrines1 aBurckhardt, Titus bSRS cBK 001040708StackRoom-aHMIbHMId2012-07-18g170.00l0o297.4 BUR2p014095r2012-07-18v170.00w2005-05-24yBK c6581d6581